000 00871nam a2200253Ia 4500
005 20220317000339.0
008 141031s2011 s 0 sga d s
020 _a9788498742039
082 0 4 _a745.594
_bF35
100 1 _aFinnanger, Tone
245 1 0 _aMuñecos de tela y adornos para decorar la casa Tilda
_bmás de 30 proyectos paso a paso con sus patrones
_cTone Finnanger, traducción Ana María Aznar
250 _aPrimera edición
300 _a63 páginas
_c23 cm
650 1 4 _2LEMB
_aDecoración de interiores
650 1 4 _2LEMB
_aManuales de hágalo usted mismo
650 1 4 _2LEMB
_aArtesanías
700 1 _aAznar, Ana María
_etraductora
_914220
942 _2ddc
_cBK
264 _aMadrid
_bDrac
_c2011
336 _atexto
_btxt
_2rdacontent
337 _asin mediación
_bn
_2rdamedia
338 _avolumen
_bnc
_2rdacarrier
040 _aCO-BoRNBP
_bspa
_erda
_cCO-BoRNBP
999 _c3792
_d3792